[Event "Oberliga Nord W 2122"]
[Site "Germany"]
[Date "2022.04.03"]
[Round "8.3"]
[White "Lewin, Tammo"]
[Black "Walter, Stefan1111"]
[Result "0-1"]
[WhiteElo "2065"]
[BlackElo "2387"]
[PlyCount "64"]
[EventDate "2021.10.10"]
[EventType "team-tourn"]
[EventRounds "9"]
[EventCountry "GER"]
[SourceTitle "EXT 2023"]
[Source "ChessBase"]
[SourceDate "2022.10.05"]
[SourceVersion "1"]
[SourceVersionDate "2022.10.05"]
[SourceQuality "1"]
[WhiteTeam "Hellern"]
[BlackTeam "Lister Turm"]
[WhiteTeamCountry "GER"]
[BlackTeamCountry "GER"]

1. d4 d5 2. c4 e6 3. Nc3 Be7 4. Nf3 Nf6 5. Bg5 h6 6. Bh4 0-0 7. e3 Ne4 8. Bxe7 Qxe7 9. Rc1 c6 10. Bd3 Nxc3 11. Rxc3 dxc4 12. Bxc4 Nd7 13. 0-0 b6 14. Qe2 a5 15. Rd1 Bb7 16. e4 Rfd8 17. Re3 Qd6 18. h3 Qf4 19. g3 Qd6 20. Nh4 a4 21. a3 Ne5 22. Ba2 c5 23. d5 Ba6 24. Qh5 c4 25. Kh2 Nd3 26. dxe6 fxe6 27. Rdxd3 cxd3 28. Nf5 Qf8 29. Rf3 Qf6 30. Nxg7 Qxg7 31. Rf4 d2 32. Bd5 Kh8 0-1

[Event "GER-chT Online Liga 1 GpB"]
[Site "Playchess.com INT"]
[Date "2021.02.08"]
[Round "3.4"]
[White "Schwedek, Tony"]
[Black "Lewin, Tammo"]
[Result "1-0"]
[WhiteElo "1974"]
[BlackElo "2076"]
[PlyCount "113"]
[EventDate "2021.01.18"]
[EventType "team-tourn (rapid)"]
[EventRounds "7"]
[EventCountry "GER"]
[SourceTitle "EXT 2022"]
[Source "ChessBase"]
[SourceDate "2021.10.06"]
[SourceVersion "1"]
[SourceVersionDate "2021.10.06"]
[SourceQuality "1"]
[WhiteTeam "Spandau Zitadelle"]
[BlackTeam "Hellern"]
[WhiteTeamCountry "GER"]
[BlackTeamCountry "GER"]

1. c4 e5 2. g3 f5 3. d4 exd4 4. Qxd4 Nc6 5. Qd1 Nf6 6. Nf3 g6 7. Bg2 Bg7 8. 0-0 0-0 9. Nc3 d6 10. Bg5 h6 11. Bd2 Ne5 12. b3 c6 13. Qc2 Nh5 14. Rad1 Qe7 15. e3 Be6 16. Bc1 Rad8 17. Ba3 Nf7 18. Ne2 g5 19. Nfd4 Ne5 20. Nxe6 Qxe6 21. Nd4 Qg6 22. e4 f4 23. Nf5 Rxf5 24. exf5 Qf6 25. g4 Nxg4 26. Bf3 Ne5 27. Bxh5 g4 28. f3 g3 29. hxg3 fxg3 30. f4 Qh4 31. fxe5 Bxe5 32. Bb2 Bxb2 33. Qxb2 Qxh5 34. Rd3 Qh4 35. Qg2 Kf7 36. Rxg3 Qd4+ 37. Kh1 Qh4+ 38. Rh3 Qf6 39. Qg6+ Qxg6 40. fxg6+ Kxg6 41. Rg1+ Kf5 42. Rxh6 d5 43. cxd5 cxd5 44. Rh4 d4 45. Kg2 Kg5 46. Rh7 Kf4 47. Kf2 Ke4 48. Ke2 a5 49. Rg4+ Kf5 50. Rhh4 Ke5 51. Rh5+ Kf6 52. Kd3 b6 53. Rxd4 Rb8 54. Rd6+ Ke7 55. Rc6 Kd7 56. Rg6 Rd8 57. Rd5+ 1-0

[Event "GER-chT Online Liga 1 GpB"]
[Site "Playchess.com INT"]
[Date "2021.02.03"]
[Round "2.4"]
[White "Lewin, Tammo"]
[Black "Giraud, Valerian"]
[Result "1-0"]
[WhiteElo "2076"]
[BlackElo "2064"]
[PlyCount "163"]
[EventDate "2021.01.18"]
[EventType "team-tourn (rapid)"]
[EventRounds "7"]
[EventCountry "GER"]
[SourceTitle "EXT 2022"]
[Source "ChessBase"]
[SourceDate "2021.10.06"]
[SourceVersion "1"]
[SourceVersionDate "2021.10.06"]
[SourceQuality "1"]
[WhiteTeam "Hellern"]
[BlackTeam "Hamburger SK II"]
[WhiteTeamCountry "GER"]
[BlackTeamCountry "GER"]

1. d4 Nf6 2. c4 g6 3. Nc3 Bg7 4. e4 d6 5. f3 0-0 6. Be3 Nbd7 7. Qd2 c5 8. Nge2 a6 9. a4 Qa5 10. Nd5 Qxd2+ 11. Kxd2 Nxd5 12. cxd5 cxd4 13. Bxd4 Ne5 14. Bxe5 Bxe5 15. Ra2 Bd7 16. f4 Bg7 17. g3 Rfc8 18. h4 Rc4 19. Nc3 Bxc3+ 20. bxc3 Rxa4 21. Rxa4 Bxa4 22. c4 Kg7 23. Bh3 h5 24. Kc3 b5 25. Ra1 Ra7 26. Bf1 Rc7 27. Kb4 Kf6 28. e5+ dxe5 29. Rc1 exf4 30. gxf4 Kf5 31. c5 Kxf4 32. Ka5 Bb3 33. Kb6 Rc8 34. Bh3 f5 35. Bg2 Kg3 36. Bh1 f4 37. Rc3+ Kh2 38. Be4 Bc4 39. c6 a5 40. Kxa5 g5 41. hxg5 h4 42. Kb6 h3 43. Kb7 Rh8 44. c7 Bf1 45. c8Q Rxc8 46. Kxc8 Bg2 47. Rc2 Kg3 48. Bxg2 hxg2 49. Rxg2+ Kxg2 50. g6 f3 51. g7 f2 52. g8Q+ Kf3 53. Qf7+ Kg3 54. Qg6+ Kh2 55. Qh5+ Kg1 56. Qg5+ Kh2 57. Qh4+ Kg2 58. Qg4+ Kh2 59. Qf3 Kg1 60. Qg3+ Kf1 61. Kd7 Ke2 62. Qe5+ Kd3 63. Qf5+ Ke2 64. Qe4+ Kd1 65. Qf3+ Ke1 66. Qe3+ Kf1 67. Kxe7 Kg2 68. Qg5+ Kh1 69. Qh4+ Kg2 70. Qg4+ Kh1 71. Qf3+ Kg1 72. Qg3+ Kh1 73. Qxf2 b4 74. Qf3+ Kh2 75. Qf4+ Kh3 76. Qxb4 Kg2 77. d6 Kh3 78. d7 Kg2 79. d8R Kh3 80. Rd3+ Kh2 81. Qb2+ Kg1 82. Rd1# 1-0

[Event "Oberliga Nord W 1819"]
[Site "Germany"]
[Date "2018.11.11"]
[Round "2.7"]
[White "Buerckner, Hartmut"]
[Black "Lewin, Tammo"]
[Result "1-0"]
[WhiteElo "2168"]
[BlackElo "2066"]
[PlyCount "97"]
[EventDate "2018.10.21"]
[EventType "team-tourn"]
[EventRounds "9"]
[EventCountry "GER"]
[SourceTitle "EXT 2020"]
[Source "ChessBase"]
[SourceDate "2019.10.17"]
[SourceVersion "1"]
[SourceVersionDate "2019.10.17"]
[SourceQuality "1"]
[WhiteTeam "Oldenburg Union"]
[BlackTeam "Hellern"]
[WhiteTeamCountry "GER"]
[BlackTeamCountry "GER"]

1. Nf3 e6 2. c4 f5 3. Nc3 Nf6 4. b3 Be7 5. Bb2 0-0 6. g3 d6 7. Bg2 e5 8. d3 c6 9. Qc2 Qc7 10. Rc1 h6 11. 0-0 Be6 12. b4 Nbd7 13. b5 Nh7 14. e3 g5 15. Nd2 g4 16. bxc6 bxc6 17. Ne2 Rab8 18. d4 e4 19. Nf4 Bf7 20. Rb1 Ng5 21. Rfc1 Bf6 22. Bc3 h5 23. Qa4 Nb6 24. Qa5 Qd7 25. Bf1 h4 26. Rb3 hxg3 27. hxg3 d5 28. cxd5 Nxd5 29. Ra3 Rb7 30. Ba6 Rc7 31. Qa4 Nxf4 32. exf4 Nh3+ 33. Kf1 e3 34. fxe3 Qd5 35. e4 fxe4 36. Qd1 Qf5 37. Nc4 Nxf4 38. Ne3 Qh5 39. Qxg4+ Bg7 40. gxf4 Qh1+ 41. Qg1 Qh3+ 42. Ke1 Bh5 43. f5 Kh7 44. Bf1 Qh4+ 45. Qf2 Qe7 46. Qh2 Qxa3 47. Qxh5+ Bh6 48. Bd2 Re8 49. Qg6+ 1-0

[Event "Oberliga Nord W 1819"]
[Site "Germany"]
[Date "2018.10.21"]
[Round "1.7"]
[White "Lewin, Tammo"]
[Black "Usachyi, Vladimir"]
[Result "1-0"]
[WhiteElo "2066"]
[BlackElo "2123"]
[PlyCount "89"]
[EventDate "2018.10.21"]
[EventType "team-tourn"]
[EventRounds "9"]
[EventCountry "GER"]
[SourceTitle "EXT 2020"]
[Source "ChessBase"]
[SourceDate "2019.10.17"]
[SourceVersion "1"]
[SourceVersionDate "2019.10.17"]
[SourceQuality "1"]
[WhiteTeam "Hellern"]
[BlackTeam "Hannover"]
[WhiteTeamCountry "GER"]
[BlackTeamCountry "GER"]

1. d4 d6 2. c4 Nf6 3. Nc3 Nbd7 4. e4 e5 5. Nge2 c6 6. f3 Be7 7. Be3 0-0 8. Qd2 Qc7 9. d5 a6 10. g4 Rb8 11. Ng3 Rd8 12. g5 Ne8 13. Nf5 Bf8 14. h4 Nb6 15. Qf2 c5 16. Bd3 Bd7 17. a4 Nc8 18. h5 Ne7 19. g6 fxg6 20. hxg6 hxg6 21. Nxe7+ Bxe7 22. Qg3 Nf6 23. Qxg6 Be8 24. Qg2 b5 25. axb5 axb5 26. Nxb5 Bxb5 27. cxb5 Ra8 28. 0-0 Kf7 29. Qh3 Qb7 30. Qe6+ Kf8 31. f4 Rxa1 32. Rxa1 c4 33. Ra7 Qxa7 34. Bxa7 cxd3 35. Be3 Nxe4 36. Qf5+ Nf6 37. Qxd3 e4 38. Qc4 Rb8 39. Ba7 Re8 40. b6 Bd8 41. b7 Nd7 42. Qc6 e3 43. Qxd7 e2 44. Qxe8+ Kxe8 45. Kf2 1-0

[Event "Oberliga Nord W 1718"]
[Site "Germany"]
[Date "2017.10.08"]
[Round "1.7"]
[White "Loehnhardt, Benjamin"]
[Black "Lewin, Tammo"]
[Result "1/2-1/2"]
[WhiteElo "2020"]
[BlackElo "2041"]
[PlyCount "91"]
[EventDate "2017.10.08"]
[EventType "team-tourn"]
[EventRounds "9"]
[EventCountry "GER"]
[SourceTitle "EXT 2019"]
[Source "ChessBase"]
[SourceDate "2018.10.10"]
[SourceVersion "1"]
[SourceVersionDate "2018.10.10"]
[SourceQuality "1"]
[WhiteTeam "Goettingen Tempo"]
[BlackTeam "Hellern"]
[WhiteTeamCountry "GER"]
[BlackTeamCountry "GER"]

1. d4 d5 2. c4 e6 3. Nf3 c6 4. e3 f5 5. Ne5 Nf6 6. Bd3 Be7 7. Nd2 0-0 8. 0-0 Ne4 9. f3 Nd6 10. b3 b6 11. Bb2 Bb7 12. Rc1 Nd7 13. cxd5 cxd5 14. Qe2 Nxe5 15. dxe5 Nf7 16. f4 Bc5 17. Nf3 Qe7 18. Rc2 Rfc8 19. Rfc1 a5 20. Bb5 Rc7 21. Bd4 Nd8 22. a3 Rac8 23. a4 Ba3 24. Rxc7 Rxc7 25. Rxc7 Qxc7 26. Bb2 Bxb2 27. Qxb2 Qc5 28. Nd4 Kf7 29. Kf2 Nc6 30. Bxc6 Bxc6 31. Qc2 Qxc2+ 32. Nxc2 Ke7 33. Nd4 Bd7 34. Kg3 Kf7 35. Kh4 g6 36. g4 fxg4 37. Kxg4 h6 38. h4 Ke7 39. Kf3 Be8 40. Kg4 Bd7 41. Kf3 Kf7 42. Kg3 Ke7 43. Kf2 Kf7 44. Kf3 Ke7 45. Ke2 Kf7 46. Kf3 1/2-1/2

[Event "Dortmund Sparkassen op-A 45th"]
[Site "Dortmund"]
[Date "2017.07.16"]
[Round "2"]
[White "Wilke, Werner"]
[Black "Lewin, Tammo"]
[Result "1-0"]
[WhiteElo "2225"]
[BlackElo "2040"]
[PlyCount "93"]
[EventDate "2017.07.15"]
[EventType "swiss"]
[EventRounds "9"]
[EventCountry "GER"]
[SourceTitle "CBM 179 Extra"]
[Source "ChessBase"]
[SourceDate "2017.08.23"]
[SourceVersion "1"]
[SourceVersionDate "2017.08.23"]
[SourceQuality "1"]

1. e4 c5 2. Nf3 e6 3. g3 d5 4. exd5 exd5 5. Bg2 Nc6 6. 0-0 Bd6 7. d4 Nge7 8. dxc5 Bxc5 9. Re1 0-0 10. Nbd2 d4 11. a3 a6 12. b4 Ba7 13. Bb2 Bg4 14. h3 Bf5 15. Nb3 d3 16. c3 Qd7 17. g4 Be6 18. Nbd4 Bc4 19. a4 Nxd4 20. Ne5 Qc7 21. cxd4 Bd5 22. Nxd3 Bxg2 23. Kxg2 Rad8 24. Rc1 Qd6 25. Qf3 Ng6 26. Kg1 f5 27. Nc5 Bb8 28. Re5 Nxe5 29. dxe5 Qd7 30. Qb3+ Qd5 31. Qxd5+ Rxd5 32. e6 fxg4 33. hxg4 Ba7 34. Ne4 Re8 35. Rc7 Bd4 36. Rd7 Re5 37. Rxd4 R5xe6 38. f3 Rg6 39. Rd7 h5 40. g5 b5 41. axb5 axb5 42. Kf2 Kf8 43. Bd4 Rxe4 44. fxe4 Rxg5 45. Kf3 Rg4 46. Rd5 g5 47. Be3 1-0

[Event "Groningen op-A 54th"]
[Site "Groningen"]
[Date "2016.12.27"]
[Round "6"]
[White "Bao, Qilin"]
[Black "Lewin, Tammo"]
[Result "1-0"]
[WhiteElo "2331"]
[BlackElo "2041"]
[PlyCount "61"]
[EventDate "2016.12.21"]
[EventType "swiss"]
[EventRounds "9"]
[EventCountry "NED"]
[SourceTitle "CBM 176 Extra"]
[Source "ChessBase"]
[SourceDate "2017.03.02"]
[SourceVersion "1"]
[SourceVersionDate "2017.03.02"]
[SourceQuality "1"]

1. e4 Nc6 2. Nf3 Nf6 3. e5 Nd5 4. d4 d6 5. exd6 exd6 6. Bd3 Bg4 7. 0-0 Be7 8. c3 0-0 9. h3 Bxf3 10. Qxf3 Nb6 11. Nd2 Re8 12. Ne4 d5 13. Ng3 g6 14. Nf5 Bf6 15. Nh6+ Kg7 16. Bf4 Nc4 17. b3 Nd6 18. Qxd5 Ne7 19. Qf3 Ng8 20. Nxg8 Kxg8 21. Rfe1 c6 22. Rxe8+ Nxe8 23. Re1 Bg7 24. Bc4 Nf6 25. Be5 Nd5 26. Bxg7 Kxg7 27. Bxd5 Qxd5 28. Qf4 Qa5 29. Re7 Rf8 30. Qe5+ Qxe5 31. dxe5 1-0

[Event "Groningen op-A 54th"]
[Site "Groningen"]
[Date "2016.12.21"]
[Round "1"]
[White "Lewin, Tammo"]
[Black "Vrolijk, Liam"]
[Result "0-1"]
[WhiteElo "2041"]
[BlackElo "2332"]
[PlyCount "75"]
[EventDate "2016.12.21"]
[EventType "swiss"]
[EventRounds "9"]
[EventCountry "NED"]
[SourceTitle "EXT 2018"]
[Source "ChessBase"]
[SourceDate "2017.10.13"]
[SourceVersion "1"]
[SourceVersionDate "2017.10.13"]
[SourceQuality "1"]

1. Nc3 d5 2. e4 d4 3. Nce2 e5 4. Ng3 Be6 5. Nf3 Nd7 6. c3 c5 7. Bb5 Bd6 8. d3 f6 9. Nf5 Bf8 10. 0-0 g6 11. Ng3 Bg7 12. cxd4 cxd4 13. b3 Ne7 14. Bc4 Bxc4 15. bxc4 0-0 16. Nd2 Nc5 17. Nb3 Ne6 18. f4 exf4 19. Ne2 f5 20. Nxf4 Nxf4 21. Bxf4 fxe4 22. dxe4 Nc6 23. Qg4 Qc8 24. Qg3 b6 25. Rae1 Qe6 26. Nd2 Rae8 27. Nf3 Qxc4 28. Rc1 Qb5 29. Ng5 h6 30. Nf3 Kh7 31. Bd6 Rf6 32. e5 Rfe6 33. Qh3 Kg8 34. Rxc6 Qxc6 35. Nxd4 Qd5 36. Nxe6 Qxe6 37. Qa3 a5 38. Qe3 0-1

[Event "Hoogeveen Unive op 19th"]
[Site "Hoogeveen"]
[Date "2015.10.24"]
[Round "9"]
[White "Den Hartog, Marijn"]
[Black "Lewin, Tammo"]
[Result "1/2-1/2"]
[WhiteElo "2158"]
[BlackElo "2021"]
[PlyCount "40"]
[EventDate "2015.10.17"]
[EventType "swiss"]
[EventRounds "9"]
[EventCountry "NED"]
[SourceTitle "EXT 2017"]
[Source "ChessBase"]
[SourceDate "2016.10.25"]
[SourceVersion "1"]
[SourceVersionDate "2016.10.25"]
[SourceQuality "1"]

1. e4 Nc6 2. d4 d5 3. e5 f6 4. f4 Bf5 5. c3 e6 6. Nf3 Qd7 7. Bd3 Be4 8. 0-0 Nh6 9. Bxe4 dxe4 10. Ne1 f5 11. Nc2 Be7 12. Be3 Ng4 13. h3 Nxe3 14. Nxe3 h5 15. Kh1 0-0-0 16. Qa4 g5 17. b4 gxf4 18. Nc4 a6 19. b5 Na7 20. Nbd2 Qxb5 1/2-1/2

[Event "Hoogeveen Unive op 19th"]
[Site "Hoogeveen"]
[Date "2015.10.19"]
[Round "4"]
[White "Lewin, Tammo"]
[Black "De Boer, Bas"]
[Result "1-0"]
[WhiteElo "2021"]
[BlackElo "1863"]
[PlyCount "77"]
[EventDate "2015.10.17"]
[EventType "swiss"]
[EventRounds "9"]
[EventCountry "NED"]
[SourceTitle "EXT 2017"]
[Source "ChessBase"]
[SourceDate "2016.10.25"]
[SourceVersion "1"]
[SourceVersionDate "2016.10.25"]
[SourceQuality "1"]

1. d4 d5 2. c4 c6 3. Nf3 Nf6 4. Nc3 e6 5. Bg5 h6 6. Bxf6 Qxf6 7. e3 g6 8. Bd3 dxc4 9. Bxc4 Bg7 10. 0-0 0-0 11. e4 Nd7 12. e5 Qe7 13. Qe2 Nb6 14. Bb3 Nd5 15. Ne4 b6 16. Rac1 Bb7 17. Nd6 Rfd8 18. Bxd5 cxd5 19. Rc3 Rxd6 20. exd6 Qxd6 21. Rfc1 a5 22. a3 Ba6 23. Qe3 a4 24. Rc6 Qb8 25. Ne5 Bb5 26. R6c2 Bxe5 27. Qxe5 Qxe5 28. Rc8+ Kg7 29. dxe5 Rxc8 30. Rxc8 Bc4 31. f4 b5 32. Rd8 g5 33. g3 Kg6 34. Kf2 f6 35. Ke3 fxe5 36. fxe5 d4+ 37. Kxd4 Kh5 38. Rh8 Kg6 39. Rf8 1-0

[Event "Groningen op 52nd"]
[Site "Groningen"]
[Date "2014.12.27"]
[Round "6"]
[White "Lewin, Tammo"]
[Black "Nguyen, Kevin"]
[Result "1/2-1/2"]
[WhiteElo "2131"]
[BlackElo "1986"]
[PlyCount "45"]
[EventDate "2014.12.21"]
[EventType "swiss"]
[EventRounds "9"]
[EventCountry "NED"]
[SourceTitle "CBM 164 Extra"]
[Source "ChessBase"]
[SourceDate "2015.03.02"]
[SourceVersion "1"]
[SourceVersionDate "2015.03.02"]
[SourceQuality "1"]

1. d4 Nf6 2. c4 g6 3. Nc3 Bg7 4. e4 d6 5. f3 0-0 6. Be3 Nc6 7. Nge2 a6 8. Qd2 Rb8 9. h4 b5 10. h5 Na5 11. Ng3 Nxc4 12. Bxc4 bxc4 13. Bh6 Ne8 14. Bxg7 Nxg7 15. hxg6 fxg6 16. Qh6 Rxb2 17. Qxh7+ Kf7 18. Rh6 Rxg2 19. Qxg6+ Kg8 20. Kf1 Rb2 21. Qh7+ Kf7 22. Qg6+ Kg8 23. Qh7+ 1/2-1/2

[Event "Groningen op 52nd"]
[Site "Groningen"]
[Date "2014.12.23"]
[Round "3"]
[White "Benson, Oisin P"]
[Black "Lewin, Tammo"]
[Result "1/2-1/2"]
[WhiteElo "2010"]
[BlackElo "2131"]
[PlyCount "61"]
[EventDate "2014.12.21"]
[EventType "swiss"]
[EventRounds "9"]
[EventCountry "NED"]
[SourceTitle "CBM 164 Extra"]
[Source "ChessBase"]
[SourceDate "2015.03.02"]
[SourceVersion "1"]
[SourceVersionDate "2015.03.02"]
[SourceQuality "1"]

1. d4 e6 2. c4 d5 3. Nc3 f5 4. Nf3 Nf6 5. g3 c6 6. Bg2 Be7 7. 0-0 0-0 8. b3 Nbd7 9. a4 Ne4 10. Qc2 b6 11. Ba3 Bxa3 12. Rxa3 Qe7 13. Raa1 a5 14. cxd5 cxd5 15. Nb5 Ba6 16. Rfc1 Rac8 17. Qd3 Nd6 18. Ne5 Bxb5 19. axb5 Nxe5 20. dxe5 Ne4 21. Bxe4 fxe4 22. Qd4 Rc5 23. Rxc5 Qxc5 24. Qxc5 bxc5 25. Rxa5 Rb8 26. b6 Rxb6 27. Rxc5 Rxb3 28. e3 Rb7 29. Rc6 Kf7 30. Rd6 Re7 31. g4 1/2-1/2

[Event "Groningen op 52nd"]
[Site "Groningen"]
[Date "2014.12.22"]
[Round "2"]
[White "Lewin, Tammo"]
[Black "Lemstra, Bart"]
[Result "1/2-1/2"]
[WhiteElo "2131"]
[BlackElo "1956"]
[PlyCount "65"]
[EventDate "2014.12.21"]
[EventType "swiss"]
[EventRounds "9"]
[EventCountry "NED"]
[SourceTitle "CBM 164 Extra"]
[Source "ChessBase"]
[SourceDate "2015.03.02"]
[SourceVersion "1"]
[SourceVersionDate "2015.03.02"]
[SourceQuality "1"]

1. d4 d5 2. c4 e6 3. Nc3 c5 4. e3 a6 5. Nf3 Nf6 6. Bd3 dxc4 7. Bxc4 b5 8. Be2 Bb7 9. 0-0 Nc6 10. dxc5 Bxc5 11. Qxd8+ Rxd8 12. a4 b4 13. Nb1 0-0 14. Nbd2 Na5 15. Ne5 Rc8 16. Nec4 Nxc4 17. Nxc4 Rfd8 18. Na5 Bd5 19. Bxa6 Ra8 20. Nb7 Be7 21. Nxd8 Rxa6 22. Nxe6 fxe6 23. f3 Bb3 24. a5 Nd5 25. Bd2 Bc5 26. Rfc1 Bxe3+ 27. Bxe3 Nxe3 28. Rc5 Kf7 29. Rb5 Nc2 30. Rc1 Kf6 31. Kf2 h6 32. Rc5 Ke7 33. R1xc2 1/2-1/2

[Event "Nord West Cup"]
[Site "Oldenburg"]
[Date "2000.02.13"]
[Round "7"]
[White "Lewin, Tammo"]
[Black "Langheinrich, Ferenc"]
[Result "1/2-1/2"]
[WhiteElo "1932"]
[BlackElo "2325"]
[PlyCount "75"]
[EventDate "2000.??.??"]
[EventType "swiss"]
[EventRounds "7"]
[EventCountry "GER"]
[SourceTitle "EXT 2002"]
[Source "ChessBase"]
[SourceDate "2001.11.25"]
[SourceVersion "1"]
[SourceVersionDate "2001.11.25"]
[SourceQuality "1"]

1. d4 Nf6 2. c4 g6 3. Nc3 Bg7 4. e4 d6 5. f3 0-0 6. Be3 Nbd7 7. Nge2 c5 8. Qd2 a6 9. d5 Ne5 10. Ng3 e6 11. a4 exd5 12. cxd5 h5 13. Bg5 Qa5 14. Nb1 Qc7 15. Na3 Nh7 16. Be3 h4 17. Ne2 f5 18. Nc3 fxe4 19. Nxe4 h3 20. 0-0-0 hxg2 21. Bxg2 Bf5 22. f4 Ng4 23. Bg1 b5 24. h3 Ngf6 25. Ng3 bxa4 26. Nxf5 gxf5 27. Qc2 Qd7 28. Bf3 Rab8 29. Nc4 Ne4 30. Bxe4 fxe4 31. Be3 Kh8 32. Rhg1 Rb3 33. Rg3 Bf6 34. Rdg1 Rbb8 35. Qxe4 a3 36. bxa3 Rfe8 37. Qc2 a5 38. R1g2 1/2-1/2

[Event "Nord West Cup"]
[Site "Oldenburg"]
[Date "2000.02.10"]
[Round "1"]
[White "Jugelt, Tobias"]
[Black "Lewin, Tammo"]
[Result "1-0"]
[WhiteElo "2386"]
[BlackElo "1932"]
[PlyCount "91"]
[EventDate "2000.??.??"]
[EventType "swiss"]
[EventRounds "7"]
[EventCountry "GER"]
[SourceTitle "EXT 2002"]
[Source "ChessBase"]
[SourceDate "2001.11.25"]
[SourceVersion "1"]
[SourceVersionDate "2001.11.25"]
[SourceQuality "1"]

1. d4 Nf6 2. Bg5 d5 3. Nd2 Nbd7 4. Ngf3 e6 5. c4 Be7 6. Qc2 0-0 7. e3 c6 8. Bd3 h6 9. Bxf6 Bxf6 10. 0-0 b6 11. cxd5 cxd5 12. Rac1 a5 13. Qa4 Ba6 14. Bxa6 Rxa6 15. Rc2 Ra7 16. Rfc1 Nb8 17. Qb5 Rb7 18. Nb1 Qd7 19. Na3 Qxb5 20. Nxb5 Na6 21. a3 Rd8 22. Kf1 g5 23. g4 Kg7 24. Ke2 h5 25. h3 h4 26. Rc8 Rxc8 27. Rxc8 Rb8 28. Rc6 Be7 29. Ne5 Rb7 30. f4 f6 31. Nd3 Kf7 32. fxg5 fxg5 33. Ne5+ Kf6 34. Nc3 Nc7 35. Rxb6 Rxb6 36. Nd7+ Kf7 37. Nxb6 Ne8 38. Nd7 Nd6 39. Ne5+ Kf6 40. Kd3 Bd8 41. e4 dxe4+ 42. Nxe4+ Nxe4 43. Kxe4 Bc7 44. b4 axb4 45. axb4 Ke7 46. b5 1-0